Η διαδοχή της κοινότητας των πουλιών μετά τη φωτιά σε δάση τραχείας πεύκης της Λέσβου : πτυχιακή εργασία

Αποθηκεύτηκε σε:
Λεπτομέρειες βιβλιογραφικής εγγραφής
Κύριος συγγραφέας: Ρήγας, Ιωάννης
Συγγραφή απο Οργανισμό/Αρχή: Πανεπιστήμιο Αιγαίου. Σχολή Περιβάλλοντος. Τμήμα Περιβάλλοντος
Άλλοι συγγραφείς: Ακριώτης, Τριαντάφυλλος (Εισηγητής διατριβής)
Μορφή: Thesis Βιβλίο
Γλώσσα:Greek
Δημοσίευση: Μυτιλήνη : Πανεπιστήμιο Αιγαίου, Τμήμα Περιβάλλοντος,Τομέας Διαχείρισης Οικοσυστημάτων, 1996
Θέματα:
Διαθέσιμο Online:http://hdl.handle.net/11610/9965
Ετικέτες: Προσθήκη ετικέτας
Δεν υπάρχουν, Καταχωρήστε ετικέτα πρώτοι!

MARC

LEADER 00000cam a2200000 i 4500
001 1/5676
008 000607s1996 gre d
035 |l 10061670 
040 |a GR-MY-UA  |b gre  |e aacr 
041 0 |a gre 
082 0 |a 598  |2 (22) 
100 1 |a Ρήγας, Ιωάννης. 
245 1 2 |a Η διαδοχή της κοινότητας των πουλιών μετά τη φωτιά σε δάση τραχείας πεύκης της Λέσβου :  |b πτυχιακή εργασία /  |c Ρήγας Ιωάννης ; επιβλέπων καθηγητής: Ακριώτης Φίλιος 
260 |a Μυτιλήνη :   |b Πανεπιστήμιο Αιγαίου, Τμήμα Περιβάλλοντος,Τομέας Διαχείρισης Οικοσυστημάτων,   |c 1996 
300 |a iv,117 σ.;  |b εικ., πιν., σχ., χάρτες;  |c 30 εκ. 
502 |a Πτυχιακή εργασία – Πανεπιστήμιο Αιγαίου, Λέσβος, 1996. 
504 |a Περιέχει παράρτημα και βιβλιογραφία 
650 0 0 |a Wildfires. 
650 0 0 |a Forest fires. 
650 0 0 |a Ecological disturbances. 
650 0 |a Bird surveys  |z Greece  |z Lesbos (Municipality) 
650 0 0 |a Birds  |x Research. 
650 0 0 |a Birds  |x Behavior. 
650 0 0 |a Birds  |z Greece  |z Lesbos (Municipality) 
650 0 0 |a Dissertations, Academic  |z Greece. 
700 1 |a Ακριώτης, Τριαντάφυλλος.  |4 ths 
710 2 |a Πανεπιστήμιο Αιγαίου.   |b Σχολή Περιβάλλοντος.   |b Τμήμα Περιβάλλοντος. 
852 |a INST  |b LESVOS  |c DIATR  |e 20000607  |h 303  |p 005100026009  |q 005100026009  |t DIE  |y 23 
852 |a INST  |b LESVOS  |c DIATR  |e 20000607  |h 304  |p 005100026014  |q 005100026014  |t DIE  |y 23 
856 |u http://hdl.handle.net/11610/9965 
901 |a BIBL1-2000-2 
909 |a Λ  |b 080318 
909 |a Λ  |b 080319 
924 |a ΡΗΓΑΣ  |b ΙΩΑΝΝΗΣ  |y ΛΕΣΒΟΣ  |z 1996-08 
970 |a ΑΙΒΑΤΖΙΔΟΥ  |b ΕΛΕΝΗ  |z 2000/06/07